Human relations : (Record no. 71825)

MARC details
000 -LEADER
fixed length control field 01143nam a22003137a 4500
005 - DATE AND TIME OF LATEST TRANSACTION
control field 20121204120642.0
008 - FIXED-LENGTH DATA ELEMENTS--GENERAL INFORMATION
fixed length control field 121204t xxu||||| |||| 00| 0 eng d
010 ## - LCCN (DPL NO)
LC control number ENG-106336
020 ## - INTERNATIONAL STANDARD BOOK NUMBER
Terms of availability 599.00
International Standard Book Number 9781259029066
020 ## - INTERNATIONAL STANDARD BOOK NUMBER
Terms of availability 599.00
International Standard Book Number 1259029069
035 ## - SYSTEM CONTROL NUMBER
System control number EN-89869
037 ## - SOURCE OF ACQUISITION
Source of stock number/acquisition DBAD / PUB
040 ## - CATALOGING SOURCE
Original cataloging agency dpl
Language of cataloging Eng
082 ## - DEWEY DECIMAL CLASSIFICATION NUMBER
Classification number 158.7
100 ## - MAIN ENTRY--PERSONAL NAME
Personal name Lamberton, Lowell H.
9 (RLIN) 54020
245 ## - TITLE STATEMENT
Title Human relations :
Statement of responsibility, etc by Lowell H. Lamberton [and] Leslie Minor
Remainder of title strategies for success /
250 ## - EDITION STATEMENT
Edition statement 4th ed
260 ## - PUBLICATION, DISTRIBUTION, ETC. (IMPRINT)
Place of publication, distribution, etc New Delhi
Name of publisher, distributor, etc Tata McGraw Hill
Date of publication, distribution, etc 2012
270 ## - ADDRESS
City New Delhi
Address 7 West Patel Nagar
Postal code 110008
300 ## - PHYSICAL DESCRIPTION
Extent xii,594p.
Dimensions 26cm(pbk)
500 ## - GENERAL NOTE
General note Includes bibliographical references and index
650 ## - SUBJECT ADDED ENTRY--TOPICAL TERM
Topical term or geographic name as entry element Psychology, Industrial.
9 (RLIN) 54081
650 ## - SUBJECT ADDED ENTRY--TOPICAL TERM
Topical term or geographic name as entry element Personnel management.
9 (RLIN) 54082
650 ## - SUBJECT ADDED ENTRY--TOPICAL TERM
Topical term or geographic name as entry element Interpersonal relations.
9 (RLIN) 54083
650 ## - SUBJECT ADDED ENTRY--TOPICAL TERM
Topical term or geographic name as entry element Group relations training.
9 (RLIN) 54084
700 ## - ADDED ENTRY--PERSONAL NAME
Personal name Minor, Leslie
9 (RLIN) 54024
942 ## - ADDED ENTRY ELEMENTS (KOHA)
Source of classification or shelving scheme Dewey Decimal Classification
Item type English Books
Call number suffix LAM
Classification part 158.7
Holdings
Withdrawn status Lost status Source of classification or shelving scheme Damaged status Not for loan Collection code Home library Current library Date acquired Cost, normal purchase price Total Checkouts Full call number Barcode Date last seen Copy number Cost, replacement price Koha item type
    Dewey Decimal Classification     Non-fiction D.B.Act.Division D.B.Act.Division 04/12/2012 599.00   158.7 LAM EN-89869 04/12/2012 1 599.00 English Books

© Delhi Public Library
Hit Counter
free hit counter